书目信息 |
| 题名: |
不知不觉就能瘦 日常小动作自然塑造易瘦体质
|
|
| 作者: | 植森美绪 著 ;易珉 译 | |
| 分册: | ||
| 出版信息: | 北京 人民邮电出版社 2025.03 |
|
| 页数: | xx, 106页 | |
| 开本: | 21cm | |
| 丛书名: | 健康·家庭·新生活 | |
| 单 册: | ||
| 中图分类: | TS974.14 | |
| 科图分类: | ||
| 主题词: | 减肥--jian fei--基本知识 | |
| 电子资源: | ||
| ISBN: | 978-7-115-65683-4 | |
| 000 | 01334nam 2200289 450 | |
| 001 | 95486 | |
| 005 | 20250902134823.59 | |
| 010 | @a978-7-115-65683-4@dCNY42.00 | |
| 100 | @a20250312d2025 em y0chiy50 ea | |
| 101 | 1 | @achi@cjpn |
| 102 | @aCN@b110000 | |
| 105 | @aa z 000yy | |
| 106 | @ar | |
| 200 | 1 | @a不知不觉就能瘦 日常小动作自然塑造易瘦体质@Abu zhi bu jue jiu neng shou ri chang xiao dong zuo zi ran su zao yi shou ti zhi@f著 (日) 植森美绪@g译易珉 |
| 210 | @a北京@c人民邮电出版社@d2025.03 | |
| 215 | @axx, 106页@c图@d21cm | |
| 225 | 2 | @a健康·家庭·新生活@Ajian kang · jia ting · xin sheng huo |
| 300 | @a瘦身·图鉴 人邮体育 | |
| 314 | @a植森美绪, 日本健康运动指导师, 1965年生人。面对10年减肥失败经历及不怡当运动带来的腰痛, 她以“调整日常动作, 生活将焕然一新”为口号, 推广一种在日常生活中轻松可行的减肥与健康生活方式。她在积极实践这种生活方式中, 战胜了腰痛, 并始终将腰围保持在58cm。 | |
| 330 | @a本书共分为7章, 每一章围绕不同的日常生活场景介绍了一系列简单易行的瘦身日常动作, 涵盖了晨间活动、家务、工作、休息、外出、夜间, 甚至边看电视边瘦身的锻炼方法。 | |
| 410 | 0 | @12001 @a健康·家庭·新生活 |
| 606 | 0 | @a减肥@Ajian fei@x基本知识 |
| 690 | @aTS974.14@v5 | |
| 701 | 0 | @a植森美绪@Azhi sen mei xu@4著 |
| 702 | 0 | @a易珉@Ayi min@4译 |
| 801 | 0 | @aCN@c20250909 |
| 905 | @a河南城建学院图书馆@dTS974.14@eZ477@f1 | |
| 不知不觉就能瘦 日常小动作自然塑造易瘦体质/著 (日) 植森美绪/译易珉.-北京:人民邮电出版社,2025.03 |
| xx, 106页:图;21cm.-(健康·家庭·新生活) |
| 瘦身·图鉴 人邮体育 |
| ISBN 978-7-115-65683-4:CNY42.00 |
| 本书共分为7章, 每一章围绕不同的日常生活场景介绍了一系列简单易行的瘦身日常动作, 涵盖了晨间活动、家务、工作、休息、外出、夜间, 甚至边看电视边瘦身的锻炼方法。 |
| ● |
| 相关链接 |
|
|
|
正题名:不知不觉就能瘦 日常小动作自然塑造易瘦体
索取号:TS974.14/Z477
 
预约/预借
| 序号 | 登录号 | 条形码 | 馆藏地/架位号 | 状态 | 备注 |
| 1 | 1629544 | 216295444 | 自科库501/501自科库 46排1列5层/ [索取号:TS974.14/Z477] | 在馆 |